Podnikateľské rozhodovanie

Gespeichert in:
Bibliographische Detailangaben
1. Verfasser: Szabo, Ľuboslav
Körperschaft: Ekonomická univerzita v Bratislave. Fakulta podnikového manažmentu
Weitere Verfasser: Jankelová, Nadežda, 1966-, Remeňová, Katarína, 1982-, Mišún, Juraj, 1978-, Grznár, Miroslav, Cvečko, Juraj
Format: Buch
Sprache:Slowakisch
Veröffentlicht: Bratislava Vydavateľstvo EKONÓM 2013
Ausgabe:1. vyd.
Schlagworte:
Tags: Tag hinzufügen
Keine Tags, Fügen Sie das erste Tag hinzu!

MARC

LEADER 00000nam a2200000 4500
001 0177151
005 20240502073023.0
020 |a 978-80-225-3677-6 
041 0 |a slo 
044 |a SK 
245 1 0 |a Podnikateľské rozhodovanie  |c Ľuboslav Szabo, Nadežda Jankelová, Katarína Remeňová, Juraj Mišún ; recenzenti Miroslav Grznár, Juraj Cvečko 
250 |a 1. vyd. 
264 1 |a Bratislava  |b Vydavateľstvo EKONÓM  |c 2013 
300 |a 242 s. [12,38 AH] 
610 2 0 |a rozhodovanie podnikové 
610 2 0 |a ekonómia behaviorálna 
610 2 0 |a rozhodovanie manažérske 
610 2 0 |a rozhodovanie skupinové 
610 2 0 |a modelovanie 
610 2 0 |a metódy rozhodovania 
610 2 0 |a riziko 
610 2 0 |a analýza operačná 
610 2 0 |a systémy informačné 
610 2 0 |a systémy expertné 
100 1 |a Szabo, Ľuboslav 
700 1 |a Jankelová, Nadežda, 1966- 
700 1 |a Remeňová, Katarína, 1982- 
700 1 |a Mišún, Juraj, 1978- 
700 1 |a Grznár, Miroslav 
700 1 |a Cvečko, Juraj 
710 2 |a Ekonomická univerzita v Bratislave. Fakulta podnikového manažmentu